Normal view MARC view
  • Campus Paolino

Entry Personal Name

Number of records used in: 1

001 - CONTROL NUMBER

  • control field: 46261

003 - CONTROL NUMBER IDENTIFIER

  • control field: IT-RoPau

005 - DATE AND TIME OF LATEST TRANSACTION

  • control field: 20151130144343.0

008 - FIXED-LENGTH DATA ELEMENTS

  • fixed length control field: 151130|| aca||aabn | a|a d

040 ## - CATALOGING SOURCE

  • Original cataloging agency: IT-RoPau
  • Transcribing agency: IT-RoPau

100 ## - HEADING--PERSONAL NAME

  • Personal name: Campus Paolino
  • Relator term: (regista)
  • Miscellaneous information: Codice secondo regista SPICS: 29726

670 ## - SOURCE DATA FOUND

  • Source citation: Work cat.: (IT-RoPau)106324: Piccon Elio Codice regista SPICS: 23411 46259, FATIMA SPERANZA DEL MONDO-TOTUS TUUS (GIOVANNI PAOLO II E LA MADONNA) FATIMA SPERANZA DEL MONDO-TOTUS TUUS (GIOVANNI PAOLO II E LA MADONNA) (Rif. Codice opera principale : 85126)
CREDITS: SOCIETA' SAN PAOLO Via A.Severo, 58 - ROMA (RM) & PERIODICI SAN PAOLO SRL Via Giotto, 36 MILANO & CISF Via Giotto, 36 MILANO & EDIZIONI SAN PAOLO SRL,  Piazza Soncino, 5 CINISELLO BALSAMO (MI) -- ITALY